000
00315 a2200145 4500
001
153867
040
_c
Escola São Tomás de Aquino
100
_a
HETZEL, Graziela Bozano
240
1
0
_a
Benjamim
_l
por
245
1
0
_a
Benjamim
362
0
_a
1997
440
1
_a
Braga
697
_a
*LITERATURA INFANTIL
942
_c
BK
999
_c
153867
_d
153867